<?xml version="1.0" encoding="UTF-8"?>
<record
    xmlns:xsi="http://www.w3.org/2001/XMLSchema-instance"
    xsi:schemaLocation="http://www.loc.gov/MARC21/slim http://www.loc.gov/standards/marcxml/schema/MARC21slim.xsd"
    xmlns="http://www.loc.gov/MARC21/slim">

  <leader>01734nam a2200205 a 4500</leader>
  <controlfield tag="008">161215t2016    ag  |||g  ||| 001 p spa d</controlfield>
  <datafield tag="020" ind1=" " ind2=" ">
    <subfield code="a">9789874603555</subfield>
  </datafield>
  <datafield tag="041" ind1=" " ind2=" ">
    <subfield code="a">spa</subfield>
  </datafield>
  <datafield tag="092" ind1=" " ind2=" ">
    <subfield code="c">808</subfield>
    <subfield code="l">53</subfield>
    <subfield code="s">MOS</subfield>
  </datafield>
  <datafield tag="100" ind1="1" ind2=" ">
    <subfield code="a">Moscardi, Mat&#xED;as</subfield>
    <subfield code="9">3315</subfield>
  </datafield>
  <datafield tag="245" ind1=" " ind2=" ">
    <subfield code="a">M&#xE1;quina de hacer libritos.</subfield>
    <subfield code="b">Poes&#xED;a argentina y editoriales independientes en la d&#xE9;cada de los noventa /</subfield>
    <subfield code="c">Mat&#xED;as Moscardi</subfield>
  </datafield>
  <datafield tag="250" ind1=" " ind2=" ">
    <subfield code="a">1a ed.</subfield>
  </datafield>
  <datafield tag="260" ind1=" " ind2=" ">
    <subfield code="a">Mar del Plata:</subfield>
    <subfield code="b">Puente A&#xE9;reo Ediciones;</subfield>
    <subfield code="c">2016.</subfield>
  </datafield>
  <datafield tag="300" ind1=" " ind2=" ">
    <subfield code="a">336 p.</subfield>
    <subfield code="c">14x20 cm.</subfield>
  </datafield>
  <datafield tag="500" ind1=" " ind2=" ">
    <subfield code="a">Moscardi, M. (2016). La m&#xE1;quina de hacer libritos. Poes&#xED;a Argentina y editoriales independientes en la d&#xE9;cada de los noventa. (1a ed.). Buenos Aires : Puente A&#xE9;reo Ediciones.</subfield>
  </datafield>
  <datafield tag="505" ind1=" " ind2=" ">
    <subfield code="a">Parece una fantas&#xED;a, pero en Argentina se juntan dos o tres poetas y nace una nueva editorial. Las voces se multiplican, se confunden y la m&#xE1;quina de libros no para de girar...Papeles impresos que el viento lleva de ac&#xE1; para all&#xE1;, tapas de colores, o en blanco y negro (el viento no lee ni entiende nada, s&#xF3;lo sabe pasar las hojas), pero con este libro puntual y necesario de Mat&#xED;as Moscardi tal vez aprenda, como un ni&#xF1;o haciendo puntas de pie junto a una vieja impresora, c&#xF3;mo fue la historia de las editoriales que inventaron una nueva forma de darle vida a la poes&#xED;a y a la edici&#xF3;n de una &#xE9;poca dura. Aqu&#xED; est&#xE1;n todos los h&#xE9;roes de la edici&#xF3;n independiente, hablando de c&#xF3;mo fue lo que pas&#xF3;. Moscardi analiza, yuxtapone, describe y ordena con una prosa que mucho le debe a sus ejercicio de poeta y pone a girar la m&#xE1;quina de la poes&#xED;a, de la felicidad, otra vez. </subfield>
  </datafield>
  <datafield tag="590" ind1=" " ind2=" ">
    <subfield code="a">Proyecto 4to libro. Donaci&#xF3;n Fondo Nacional de las Artes, Noviembre 2017.</subfield>
  </datafield>
  <datafield tag="655" ind1=" " ind2=" ">
    <subfield code="a">Literatura</subfield>
    <subfield code="9">2917</subfield>
  </datafield>
  <datafield tag="942" ind1=" " ind2=" ">
    <subfield code="2">ddc</subfield>
    <subfield code="c">LIT</subfield>
  </datafield>
  <datafield tag="999" ind1=" " ind2=" ">
    <subfield code="c">2557</subfield>
    <subfield code="d">2557</subfield>
  </datafield>
  <datafield tag="952" ind1=" " ind2=" ">
    <subfield code="0">0</subfield>
    <subfield code="1">0</subfield>
    <subfield code="2">ddc</subfield>
    <subfield code="4">0</subfield>
    <subfield code="7">0</subfield>
    <subfield code="a">BFM</subfield>
    <subfield code="b">BFM</subfield>
    <subfield code="c">CR</subfield>
    <subfield code="d">2017-11-03</subfield>
    <subfield code="e">Proyecto Literatura 4to libro. Donaci&#xF3;n Fondo Nacional de las Artes, Noviembre 2017.</subfield>
    <subfield code="l">0</subfield>
    <subfield code="o">808 53 MOS</subfield>
    <subfield code="p">4001</subfield>
    <subfield code="r">2017-11-03</subfield>
    <subfield code="t">Ej. 1</subfield>
    <subfield code="w">2017-11-03</subfield>
    <subfield code="y">LIT</subfield>
    <subfield code="z">Proyecto Literatura 4to libro. Donaci&#xF3;n Fondo Nacional de las Artes, Noviembre 2017.</subfield>
  </datafield>
</record>
